BIBLIOTECA PODER JUDICIAL
Portal Judicial TDF

El concepto de derecho / (Registro nro. 221)

000 -LEADER
fixed length control field 01011nam a22002057a 4500
003 - CONTROL NUMBER IDENTIFIER
control field OSt
005 - DATE AND TIME OF LATEST TRANSACTION
control field 20190625094848.0
008 - FIXED-LENGTH DATA ELEMENTS--GENERAL INFORMATION
fixed length control field 180313b xxu||||| |||| 00| 0 spa d
020 ## - INTERNATIONAL STANDARD BOOK NUMBER
International Standard Book Number 9502000897
040 ## - CATALOGING SOURCE
Transcribing agency PJ
100 ## - ASIENTO PRINCIPAL - NOMBRE DE PERSONA
9 (RLIN) 249
Personal name Hart, Herbert Lionel Adolphus
245 13 - MENCIÓN DE TÍTULO
Título propiamente dicho El concepto de derecho /
Mención de responsabilidad, etc H.L.A. Hart ; traducción de Genaro R. Carrió.
250 ## - EDITION STATEMENT
Edition statement 2a. ed.
260 ## - PUBLICATION, DISTRIBUTION, ETC. (IMPRINT)
Place of publication, distribution, etc Buenos Aires :
Name of publisher, distributor, etc Abeledo Perrot,
Date of publication, distribution, etc 1977.
300 ## - DESCRIPCION FISICA
Extent 332 p.
Dimensions 23 cm.
505 ## - FORMATTED CONTENTS NOTE
Formatted contents note I. Preguntas persistentes -- II. Normas jurídicas, mandatos y ordenes -- III. La diversidad de normas jurídicas -- IV. Soberano y sustituto -- V. El derecho como unión de reglas primarias y segundarías -- VI.Los fundamentos de un sistema jurídico -- VII. Formalismo y escepticismo ante las reglas -- VIII. Justicia y moral -- IX. Las normas jurídicas y la moral -- X. Derecho internacional.
650 ## - ASIENTO SECUNDARIO DE MATERIA - TERMINO TEMATICO
Topical term or geographic name as entry element FILOSOFIA DEL DERECHO
9 (RLIN) 177
700 ## - ADDED ENTRY--PERSONAL NAME
9 (RLIN) 131
Personal name Carrió, Genaro Rubén
Relator term traductor
942 ## - ADDED ENTRY ELEMENTS (KOHA)
Source of classification or shelving scheme
Koha item type Libros
Classification part 340.12
Item part HAR
Existencias
Withdrawn status Lost status Source of classification or shelving scheme Damaged status Not for loan Permanent Location Current Location Date acquired Full call number Barcode Date last seen Price effective from Koha item type
          Biblioteca Poder Judicial Sur Biblioteca Poder Judicial Sur 2018-04-11 340.12 HAR 2032 2018-04-11 2018-04-11 Libros

12 de Octubre 789 Ushuaia - Tel:  54(02901)441571
Horario de Atención: 8.00 a 17.00 hs. 
bibliotecaush@justierradelfuego.gov.ar
koha@justierradelfuego.gov.ar
Seguinos en nuestras redes @bibliojustdf 

Con tecnología Koha